Nzinga,the warrior Queen / (Record no. 41421)

MARC details
000 -LEADER
fixed length control field 00561 a2200181 4500
008 - FIXED-LENGTH DATA ELEMENTS--GENERAL INFORMATION
fixed length control field 121106b xxu||||| |||| 00| 0 eng d
020 ## - INTERNATIONAL STANDARD BOOK NUMBER
International Standard Book Number 9966225471
050 ## - LIBRARY OF CONGRESS CALL NUMBER
Classification number PR9381.9.O75 2006
100 ## - MAIN ENTRY--PERSONAL NAME
Personal name Orchardson-Mazrui, Elizabeth
245 ## - TITLE STATEMENT
Title Nzinga,the warrior Queen /
Statement of responsibility, etc Elizabeth Orchardson-Mazrui
260 ## - PUBLICATION, DISTRIBUTION, ETC. (IMPRINT)
Name of publisher, distributor, etc The Jomo Foundation
Place of publication, distribution, etc Nairobi,Kenya
Date of publication, distribution, etc 2006
300 ## - PHYSICAL DESCRIPTION
Extent x,205p.
500 ## - GENERAL NOTE
General note I
650 ## - SUBJECT ADDED ENTRY--TOPICAL TERM
Topical term or geographic name as entry element Nzinga, -- Queen of Matamba, -- 1582-1663 -- Drama.
650 ## - SUBJECT ADDED ENTRY--TOPICAL TERM
Topical term or geographic name as entry element Angola -- History -- 1482-1648 -- Drama.
650 ## - SUBJECT ADDED ENTRY--TOPICAL TERM
Topical term or geographic name as entry element Drama
942 ## - ADDED ENTRY ELEMENTS (KOHA)
Item type Book
Source of classification or shelving scheme Library of Congress Classification
Holdings
Withdrawn status Lost status Source of classification or shelving scheme Damaged status Not for loan Collection code Home library Current library Shelving location Date acquired Source of acquisition Total Checkouts Full call number Barcode Copy number Price effective from Koha item type
    Library of Congress Classification     Non-fiction Bishop Okullu Memorial Library (Limuru Campus) Bishop Okullu Memorial Library (Limuru Campus) Special Collection 06/11/2012 purchase   SPE PR9381.9.O75 2006 033759 1 06/11/2012 Book